000 00804nam a2200253Ia 4500
003 OSt
005 20220923224216.0
006 a|||||r|||| 00| 0
007 ta
008 220922b |||||||| |||| 00| 0 hin d
024 _a228,963
037 _cTextual
040 _aARTS
_cARTS
_bhin
041 _2hin
_ahin
082 _aQ14:g(R), 152P5
100 _aरस्तोगी, सुमनलता
245 0 _aअथर्ववेदीय दर्शन
246 _aAtharvavedīya darshana
260 _aदिल्ली
_b प्रतिभा प्रकाशन
_c2006
300 _a338i`-0
_ccm.
650 _aधर्मशास्त्र
942 _hQ14:g(R), 152P5
_cTEXL
_2CC
999 _c370013
_d370013